| 000 | 00866nam a2200205 a 4500 | ||
|---|---|---|---|
| 001 | 000023774 | ||
| 005 | 20251017115024.0 | ||
| 008 | 110113s2007 dr r 000 0 spa d | ||
| 040 |
_aDO-SdBNP _bspa _cBNPHU |
||
| 082 |
_a155.9042 _bA185c, 2007 |
||
| 100 | 1 |
_aAcosta, Pedro _9463 |
|
| 245 | 1 | 0 |
_aControlando el estrés / _cPedro Acosta ; prólogo César Mella Mejías. |
| 260 |
_aSanto Domingo : _bBúho, _c2007. |
||
| 300 |
_a82 p. ; _c23 cm. |
||
| 505 | 2 | _aPrólogo a la segunda edición -- Introducción -- Entendiendo el estrés -- El estrés en la familia -- El estrés en el trabajo -- Jubilación y estrés -- El estrés en el mundo de hoy -- Cómo controlar el estrés -- Psicoterapia. | |
| 650 | 4 |
_aEstrés (psicología) _9464 |
|
| 650 | 0 |
_aPsicoterapia _9465 |
|
| 650 | 4 |
_aEstrés en el trabajo _9466 |
|
| 700 | 1 |
_aMella Mejías, César _d1950- _epról. _9210 |
|
| 999 |
_c23270 _d23270 |
||